|
|
|
|
| LEADER |
00000nam a2200000 i 4500 |
| 001 |
1/76474 |
| 008 |
971128s1988 eng d |
| 035 |
|
|
|a 1989
|b 2
|c Δωρεά
|l 10032415
|
| 040 |
|
|
|a GR-MY-UA
|b gre
|e aacr
|
| 041 |
0 |
|
|a eng
|
| 082 |
0 |
|
|a 489.305
|
| 100 |
1 |
|
|a Τσουκνίδας, Γεώργιος Ι.
|
| 245 |
1 |
0 |
|a Διάγραμμα της διδασκαλίας των Ελλήνων γραμματικών για το χρόνο του ρήματος
|h [ανάτυπο] /
|c Γεώργιος Ι. Τσουκνίδας
|
| 260 |
|
|
|a Αμφισσα :
|b [χ.ό.],
|c 1988
|
| 300 |
|
|
|a [2497-2508 σ.]
|
| 500 |
|
|
|a Από τα Τετράμηνα τχ. 38, σελίδες 2497-2508.
|
| 650 |
0 |
0 |
|a Greek language
|x Grammar.
|
| 852 |
|
|
|a INST
|b RHODES
|e 19971128
|h 489.305 ΤΣΟ
|p 005400010369
|q 005400010369
|t BK
|y 0
|
| 901 |
|
|
|a BIBL-1997-2
|
| 909 |
|
|
|a Ρ
|b 014693
|c 1989
|
| 922 |
|
|
|a 4ΔΩΡ
|b 198907
|c ΔΩΡΕΑ
|
| 970 |
|
|
|z 2000/06/ΟΙΚΟΝΟΜΟΠΟΥΛΟΥ (SUBJECT)
|